Corazón del hombre, es un templo de Dios o un taller de Satanás. (Record no. 14283)

MARC details
000 -LEADER
campo de control de longitud fija 00517ntaaa2200181 4500
003 - IDENTIFICADOR DE NÚMERO DE CONTROL
campo de control 01
005 - FECHA Y HORA DE LA ÚLTIMA TRANSACCIÓN
campo de control 20251027201943.0
008 - DATOS DE LONGITUD FIJA--INFORMACIÓN GENERAL
campo de control de longitud fija 0714s1973 ag 01
040 ## - FUENTE DE CATALOGACIÓN
Centro catalogador/agencia de origen AR-BaBN
Lengua de catalogación spa
Centro/agencia transcriptor AR-BaBN
Normas de descripción aacr
Centro/agencia modificador RIC
082 ## - NÚMERO DE LA CLASIFICACIÓN DECIMAL DEWEY
Número de clasificación 248.0000 G69
100 ## - ENTRADA PRINCIPAL--NOMBRE DE PERSONA
Nombre de persona Gossner, Juan
9 (RLIN) 18132
245 ## - MENCIÓN DEL TÍTULO
Título Corazón del hombre, es un templo de Dios o un taller de Satanás.
250 ## - MENCION DE EDICION
Mención de edición 1 ed. :
Resto de la mención de edición Imprenta Metodista,
-- 1955
300 ## - DESCRIPCIÓN FÍSICA
Extensión 92 p.
500 ## - NOTA GENERAL
Nota general representado alegóricamente de diez figuras
650 ## - PUNTO DE ACCESO ADICIONAL DE MATERIA--TÉRMINO DE MATERIA
Término de materia o nombre geográfico como elemento de entrada Vida Cristiana
942 ## - ELEMENTOS DE ENTRADA SECUNDARIOS (KOHA)
Tipo de ítem Koha Colección General
Holdings
Estatus retirado Estado de pérdida Estado de daño No para préstamo Biblioteca de origen Biblioteca actual Fecha de adquisición Número de inventario Total de préstamos Signatura topográfica completa Código de barras Visto por última vez Precio de reemplazo Tipo de ítem Koha
        Biblioteca Pluis Biblioteca Pluis 27/10/2025 14832   248.0000 G69 14832 27/10/2025 27/10/2025 Colección General
        Biblioteca Pluis Biblioteca Pluis 27/10/2025 05017     05017 27/10/2025 27/10/2025 Colección General
        Biblioteca Pluis Biblioteca Pluis 27/10/2025 12784     12784 27/10/2025 27/10/2025 Colección General
        Biblioteca Pluis Biblioteca Pluis 27/10/2025 20631     20631 27/10/2025 27/10/2025 Colección General